Biblical interpretation in crisis : the Ratzinger conference on Bible and church.
Wedi'i Gadw mewn:
| Awduron Eraill: | |
|---|---|
| Fformat: | Llyfr |
| Iaith: | Saesneg |
| Cyhoeddwyd: |
Michigan :
William B. Eerdmans,
1989.
|
| Pynciau: | |
| Tagiau: |
Dim Tagiau, Byddwch y cyntaf i dagio'r cofnod hwn!
|
MARC
| LEADER | 00000cam a22000002 4500 | ||
|---|---|---|---|
| 001 | 0000020054 | ||
| 005 | 20171002015250.0 | ||
| 008 | 060525s xx 000 0 eng d | ||
| 020 | |a 0802802095 | ||
| 040 | |a Daystar |d Gmuthoni | ||
| 050 | 0 | 0 | |a BS 476 |b .B4955 |
| 245 | 1 | 0 | |a Biblical interpretation in crisis : |b the Ratzinger conference on Bible and church. |
| 260 | |a Michigan : |b William B. Eerdmans, |c 1989. | ||
| 300 | |a xii, 190 p. | ||
| 630 | 0 | 0 | |a Bible |x Criticism, interpretation etc |x History. |
| 630 | 0 | 0 | |a Bible |x Evidences, authority, etc |x Congresses. |
| 630 | 0 | 0 | |a Bible |x Hermenetics |x Congresses. |
| 700 | 1 | 0 | |a Neuhaus, Richard John. |
| 908 | |a 060525 | ||
| 942 | |c G | ||
| 952 | |0 0 |1 0 |4 0 |6 BS_476_000000000000000_B4955 |7 0 |9 13268 |a DUA |b DUA |c GC |d 2017-09-28 |l 0 |o BS 476.B4955 |p BK002502 |r 2017-09-28 00:00:00 |w 2017-09-28 |x 47075 |y G | ||
| 999 | |c 8553 |d 8553 | ||